Comunicación y atención al cliente en hostelería y turismo

Salvato in:
Dettagli Bibliografici
Autore principale: Soledad Carrasco, Fernández
Natura: Libro
Lingua:spagnolo
Pubblicazione: Madrid Paraninfo 2013
Soggetti:
Tags: Aggiungi Tag
Nessun Tag, puoi essere il primo ad aggiungerne!!

MARC

LEADER 00000nam a2200000 4500
001 0177177
005 20240311131159.7
020 |a 978-84-283-2966-8 
041 0 |a spa 
044 |a ES 
245 1 0 |a Comunicación y atención al cliente en hostelería y turismo  |c Fernández Soledad Carrasco 
264 1 |a Madrid  |b Paraninfo  |c 2013 
300 |a 89 s. 
610 2 0 |a ruch cestovný 
610 2 0 |a turistika 
610 2 0 |a hotelierstvo 
610 2 0 |a služby 
610 2 0 |a starostlivosť o zákazníkov 
610 2 0 |a komunikácia interpersonálna 
610 2 0 |a psychológia sociálna 
610 2 0 |a zamestnanci 
610 2 0 |a správanie 
610 2 0 |a Španielsko 
610 2 0 |a Európska únia 
100 1 |a Soledad Carrasco, Fernández